[Event "Match"]
[Site "www.echecsemail.com"]
[Date "2014.12.30"]
[Round "1"]
[White "Joseph1983"]
[Black "Hundegana"]
[WhiteElo "2190"]
[BlackElo "1940"]
[Result "1-0"]
[Round "1"]
1.e4 c5
2.Ng1f3 d6
3.d4 g6
4.Bf1c4 e6
5.O-O Bf8g7
6.Nb1c3 a6
7.a4 h6
8.Bc1e3 Ng8e7
9.dxc5 dxc5
10.Qd1e2 O-O
11.Be3xc5 Rf8e8
12.Ra1d1 Qd8c7
13.Bc5d4 Bg7xd4
14.Nf3xd4 Bc8d7
15.Rd1d2 Nb8c6
16.Nd4xc6 Bd7xc6
17.Rf1d1 Ra8d8
18.Rd2xd8 Re8xd8
19.Rd1xd8 Qc7xd8
20.Qe2e3 Kh7
21.f3 Ne7c8
22.Kf2 Nc8b6
23.Bc4b3 Nb6c8
24.g3 Nc8e7
25.Ke2 Kg7
26.Qe3d3 Qd8xd3
27.Kxd3 Kf6
28.Nc3e2 b5
29.axb5 Bc6xb5
30.Bb3c4 Ke5
31.Bc4xb5 axb5
32.Ne2c3 b4
33.Nc3a2 Ne7c6
34.f4 Kd6
35.Kc4 e5
36.Na2xb4 Nc6e7
37.Nb4d3 exf4
38.gxf4 Ne7c6
39.b4 Nc6b8
40.b5 h5
41.Nd3e5 Ke6
42.Kc5 h4
43.Kb6 Nb8d7
44.Ne5xd7 Kxd7
45.Ka7 Kd6
46.b6 Kc5
47.b7 Kd4
48.b8Q Kxe4
49.Qb8e5 Kf3
50.c4 Kg2
51.c5 Kxh2
52.c6 h3
53.c7 Kg2
54.c8Q h2
55.Qc8g4 Kf1
56.Qe5e2 
1-0

[Event "Match"]
[Site "www.echecsemail.com"]
[Date "2014.12.30"]
[Round "1"]
[White "Lelouch"]
[Black "Drexic"]
[WhiteElo "1499"]
[BlackElo "1499"]
[Result "0-1"]
[Round "1"]
1.e4 e6
2.d4 Ng8f6
3.Bc1g5 h6
4.Bg5e3 d5
5.Nb1c3 c6
6.Ng1h3 b5
7.a3 a5
8.f3 b4
9.Nc3a4 dxe4
10.d5 Nf6xd5
11.Na4b6 Nd5xb6
12.Qd1xd8 Kxd8
13.O-O-O Nb6d5
14.fxe4 Bc8b7
15.exd5 cxd5
16.Be3b6 Ke7
17.Bf1e2 Nb8d7
18.Bb6e3 d4
19.Rd1xd4 Bb7xg2
20.Rh1g1 Bg2xh3
21.Rg1g3 Bh3f5
22.Rd4d2 Nd7f6
23.Be3c5 Ke8
24.Be2b5 Nf6d7
25.Bb5xd7 Kd8
26.Bd7xe6 Kc7
27.Be6xf5 Bf8xc5
28.c3 Bc5d6
29.Rg3g4 g6
30.Rg4c4 Kb8
31.Rd2xd6 gxf5
32.axb4 Rh8c8
33.Rc4d4 axb4
34.Rd4xb4 Kc7
35.Rd6xh6 Rc8g8
36.Rh6h7 Rg8g2
37.Rh7xf7 Kd6
38.Kb1 Ra8e8
39.Rf7xf5 Re8e1
40.Ka2 Ke6
41.Rf5h5 Re1e2
42.Rb4b6 Kf7
43.Rh5h7 Kg8
44.Rh7a7 Re2e8
45.c4 Rg2g7
46.Ra7xg7 Kxg7
47.b4 Re8e2
48.Ka3 Re2e3
49.Ka2 Re3e2
 { time }
0-1

[Event "Match"]
[Site "www.echecsemail.com"]
[Date "2014.12.30"]
[Round "1"]
[White "Generalfree"]
[Black "Maestro"]
[WhiteElo "1840"]
[BlackElo "1990"]
[Result "0-1"]
[Round "1"]
1.e4 e5
2.Ng1f3 Nb8c6
3.Bf1b5 a6
4.Bb5xc6 dxc6
5.Nf3xe5 Bf8d6
6.Ne5c4 b5
7.Nc4a5 Ng8e7
8.c3 O-O
9.b4 c5
10.bxc5 Bd6xc5
11.d4 Bc5b6
12.Na5b3 Bc8b7
13.f3 Ne7g6
14.g3 Rf8e8
15.Nb1d2 Ra8c8
16.h4 f5
17.e5 Ng6xe5
18.dxe5 Re8xe5
19.Kf1 Qd8d3
20.Kg2 Re5e2
21.Kh3 Bb7xf3
22.h5 Bf3xh5
23.Qd1f1 Bh5g4
24.Kh4 Qd3d8
{ resign }
0-1

[Event "Match"]
[Site "www.echecsemail.com"]
[Date "2014.12.30"]
[Round "1"]
[White "Joseph1983"]
[Black "Calponas"]
[WhiteElo "2150"]
[BlackElo "2090"]
[Result "1/2-1/2"]
[Round "1"]
1.e4 c5
2.Ng1f3 d6
3.d4 cxd4
4.Nf3xd4 Ng8f6
5.Nb1c3 a6
6.Bf1c4 e6
7.Bc1g5 Bf8e7
8.Qd1e2 O-O
9.O-O-O Nb8c6
10.f4 Qd8c7
11.a3 Bc8d7
12.Rh1e1 Rf8e8
13.Bc4a2 Ra8c8
14.e5 dxe5
15.Nd4xc6 Bd7xc6
16.Bg5xf6 Be7xf6
17.fxe5 Bf6e7
18.Kb1 b5
19.Rd1d3 b4
20.axb4 Be7xb4
21.Re1d1 Bb4xc3
22.Rd3xc3 Qc7b7
23.Rc3g3 Bc6e4
24.Rd1d2 Rc8c5
25.Qe2g4 Be4g6
26.Rg3e3 Qb7c7
27.Qg4a4 Re8c8
28.Ba2b3 Rc5xe5
29.Re3xe5 Qc7xe5
30.Qa4d7 Rc8f8
31.Qd7d6 Qe5e1
32.Rd2d1 Qe1a5
33.g4 Qa5b5
34.h4 h5
35.gxh5 Bg6xh5
36.Rd1g1 a5
37.Qd6g3 g6
38.Qg3f4 Rf8a8
39.Qf4e4 Qb5a6
40.Qe4a4 Qa6b6
41.Rg1e1 Ra8d8
42.Ka2 Rd8d4
43.Qa4e8 Kg7
44.Bb3xe6 fxe6
45.Qe8e7 Kh6
46.Qe7f8 Kh7
47.Qf8f7 { draw }
1/2-1/2

[Event "Match"]
[Site "www.echecsemail.com"]
[Date "2014.12.30"]
[Round "1"]
[White "Jaalston"]
[Black "Noobasaurus"]
[WhiteElo "1659"]
[BlackElo "1339"]
[Result "1-0"]
[Round "1"]
1.Ng1f3 b6
2.Nb1c3 Bc8b7
3.e4 g6
4.Bf1c4 e6
5.d4 Bf8g7
6.Bc1f4 Ng8e7
7.Nc3b5 a6
8.Nb5xc7 { resign }
1-0

[Event "Match"]
[Site "www.echecsemail.com"]
[Date "2014.12.30"]
[Round "1"]
[White "Oxycontin"]
[Black "Jaguar91"]
[WhiteElo "2040"]
[BlackElo "2050"]
[Result "1/2-1/2"]
[Round "1"]
1.e4 c5
2.Ng1f3 d6
3.Bf1b5 Nb8d7
4.c3 a6
5.Bb5a4 b5
6.Ba4c2 Ng8f6
7.O-O Bc8b7
8.Rf1e1 e6
9.d4 cxd4
10.cxd4 Bf8e7
11.a3 Qd8b6
12.Nb1d2 Ra8c8
13.b4 O-O
14.Bc1b2 Qb6c6
15.Ra1c1 Nd7b6
16.e5 Nb6c4
17.Nd2xc4 bxc4
18.exf6 Be7xf6
19.Bb2c3 Rf8d8
20.Qd1e2 Bf6g5
21.Bc3d2 Bg5f6
22.Bc2e4 d5
23.Be4c2 Qc6b6
24.Bd2c3 Qb6d6
25.Bc2b1 a5
26.Qe2c2 g6
27.Rc1d1 a4
28.Qc2xa4 Rc8a8
29.Qa4c2 Ra8xa3
30.Qc2d2 Rd8a8
31.Bb1c2 Kg7
32.Nf3e5 h5
33.Rd1a1 Ra3xa1
34.Re1xa1 Bf6xe5
35.dxe5 Qd6c6
36.Qd2g5 h4
37.Ra1xa8 Bb7xa8
38.Qg5xh4 d4
39.Bc2e4 Qc6a4
40.Qh4f6 Kg8
41.Qf6d8 Kg7
42.Qd8f6 Kg8
43.Qf6d8 { draw }
1/2-1/2

[Event "Match"]
[Site "www.echecsemail.com"]
[Date "2014.12.30"]
[Round "1"]
[White "Tomcapp"]
[Black "Pinehill"]
[WhiteElo "1460"]
[BlackElo "1680"]
[Result "0-1"]
[Round "1"]
1.e4 d5
2.exd5 Ng8f6
3.Bf1c4 g6
4.Ng1f3 Bf8g7
5.d3 O-O
6.Nf3e5 Nb8d7
7.Bc1f4 Nd7b6
8.b3 Nb6xd5
9.Bc4xd5 Nf6xd5
10.Qd1f3 c6
11.c4 Nd5b4
12.Qf3e2 Nb4xd3
13.Ne5xd3 Bc8f5
14.Nd3e5 Qd8d4
15.Nb1d2 Qd4xa1
16.Nd2b1 Qa1xb1
17.Qe2d1 Qb1e4
18.Bf4e3 Rf8d8
19.Qd1a1 Bg7xe5
20.Qa1c1 Qe4xg2
21.Rh1f1 Qg2f3
22.Qc1a1 Be5xa1
23.h4 Ba1c3
24.Be3d2 Bc3xd2

0-1

[Event "Match"]
[Site "www.echecsemail.com"]
[Date "2014.12.30"]
[Round "1"]
[White "Numanoid"]
[Black "Stoper"]
[WhiteElo "2430"]
[BlackElo "1809"]
[Result "1/2-1/2"]
[Round "1"]
1.e4 e5
2.Ng1f3 Nb8c6
3.d4 exd4
4.Nf3xd4 Ng8f6
5.Nd4xc6 bxc6
6.e5 Qd8e7
7.Qd1e2 Nf6d5
8.c4 Nd5b6
9.Nb1c3 Bc8a6
10.Qe2e4 Qe7e6
11.b3 Bf8b4
12.Bc1d2 Bb4xc3
13.Bd2xc3 d5
14.Qe4h4 dxc4
15.Ra1c1 Qe6g6
16.g3 O-O
17.Bf1e2 Ra8d8
18.O-O c5
19.bxc4 Qg6e6
20.Be2g4 Qe6g6
21.f4 Rd8d3
22.Qh4h5 Qg6xh5
23.Bg4xh5 Ba6xc4
24.Bc3a5 g6
25.Bh5e2 Rd3a3
26.Ba5xb6 Bc4xe2
27.Bb6xc5 Ra3xa2
28.Rf1f2 Rf8a8
29.Rc1e1 Ra2a5
30.Bc5xa7 Be2c4
31.Ba7e3 Bc4d5
32.Rf2d2 { draw }
1/2-1/2

[Event "Match"]
[Site "www.echecsemail.com"]
[Date "2014.12.30"]
[Round "1"]
[White "Pablincho"]
[Black "Anja"]
[WhiteElo "1970"]
[BlackElo "1779"]
[Result "0-1"]
[Round "1"]
1.e4 Ng8f6
2.Nb1c3 d5
3.e5 d4
4.Nc3b1 Nf6g4
5.h3 Ng4xe5
6.Ng1f3 Nb8c6
7.Bf1b5 Qd8d5
8.a4 Ne5xf3
9.Qd1xf3 Qd5xf3
10.gxf3 Bc8d7
11.d3 e5
12.Bc1d2 Bf8b4
13.c3 dxc3
14.bxc3 Bb4c5
15.Bd2e3 Bc5b6
16.Nb1d2 O-O-O
17.Be3xb6 axb6
18.Nd2e4 f6
19.O-O-O Nc6a7
20.Bb5xd7 Rd8xd7
21.Kc2 Rh8d8
22.Rh1g1 Na7c6
23.Rg1g4 f5
24.Rg4h4 fxe4
25.fxe4 h6
26.Rh4g4 g5
27.h4 Rd7g7
28.Rd1g1 Rd8g8
29.h5 Rg7f7
30.Rg4g2 Rf7f3
31.Kd2 Rg8d8
32.Rg2g3 Rf3xf2
33.Ke3 Rd8f8
34.d4 Rf2a2
35.d5 Nc6e7
36.Rg3f3 Rf8xf3
37.Kxf3 Ra2c2
38.Ke3 Rc2xc3
39.Kd2 Rc3c4
40.Kd3 Rc4xa4
41.Rg1f1 Ra4a3
42.Kc4 Ra3h3
43.Rf1f8 Kd7
44.Rf8f6 Rh3xh5
45.Rf6e6 g4
46.Re6xe7 Kxe7
{ resign }
0-1

[Event "Match"]
[Site "www.echecsemail.com"]
[Date "2014.12.30"]
[Round "1"]
[White "Apoorva"]
[Black "Neverless"]
[WhiteElo "2150"]
[BlackElo "2650"]
[Result "0-1"]
[Round "1"]
1.d4 Ng8f6
2.c4 e6
3.Nb1c3 d5
4.Qd1c2 c5
5.dxc5 Bf8xc5
6.e3 Nb8c6
7.a3 d4
8.exd4 Nc6xd4
9.Qc2d1 O-O
10.b4 Bc5b6
11.c5 Bb6c7
12.Bc1e3 e5
13.Ng1e2 Rf8e8
14.Ne2g3 Nf6d5
15.Nc3xd5 Qd8xd5
16.Qd1d2 Bc8e6
17.Ra1d1 a5
18.Be3xd4 exd4
19.f3 axb4
20.Bf1e2 bxa3
21.O-O Qd5xc5
22.Ng3e4 Qc5e5
23.g3 a2
24.Be2d3 f5
25.Ne4g5 Be6b3
26.Bd3c2 Bb3c4
27.Rf1e1 Qe5xe1
28.Rd1xe1 Re8xe1
{ resign }
0-1

[Event "1/2 Finale"]
[Site "www.chess-mail.com"]
[Date "2014.12.30"]
[Round "1"]
[White "Maxiboi"]
[Black "Hwj"]
[WhiteElo "2870"]
[BlackElo "2760"]
[Result "1/2-1/2"]
[Round "1"]
1.c4 e5
2.Nb1c3 Nb8c6
3.e3 Ng8f6
4.d4 Bf8b4
5.Ng1f3 Qd8e7
6.Bf1e2 O-O
7.O-O Bb4xc3
8.bxc3 d6
9.Nf3d2 Bc8f5
10.Bc1b2 h6
11.Rf1e1 Ra8b8
12.Qd1a4 a6
13.Be2f1 b5
14.Qa4a3 Bf5h7
15.Qa3xa6 bxc4
16.Bb2a3 Qe7d7
17.Qa6xc4 Rf8d8
18.Bf1d3 Bh7xd3
19.Qc4xd3 Qd7e6
20.Re1b1 Rb8xb1
21.Qd3xb1 Rd8b8
22.Qb1d1 Rb8a8
23.Qd1b3 Qe6f5
24.h3 Qf5d3
25.Nd2c4 Nf6e4
26.Qb3b7 Ra8a4
27.Qb7xc6 Ra4xc4
28.Qc6e8 Kh7
29.Qe8xf7 Ne4g5
30.Qf7d5 Rc4xc3
31.Ba3b4 Rc3c4
32.Bb4e1 exd4
33.Kh2 Rc4a4
34.f4 Ng5e4
35.Qd5f5 Kh8
36.exd4 Ra4xd4
37.a4 Qd3b3
38.Ra1c1 c5
39.a5 Rd4a4
40.Qf5g6 d5
41.Be1c3 { draw }
1/2-1/2

[Event "1/128 Finale"]
[Site "www.chess-mail.com"]
[Date "2014.12.30"]
[Round "1"]
[White "Maredocla"]
[Black "Caine"]
[WhiteElo "1910"]
[BlackElo "1499"]
[Result "1-0"]
[Round "1"]
1.f4 d5
2.Ng1f3 c5
3.b3 Nb8c6
4.Bc1b2 e6
5.e3 Ng8f6
6.Bf1b5 Bc8d7
7.Bb5xc6 Bd7xc6
8.Nf3e5 Bf8d6
9.O-O  { time }
1-0

[Event "Fast Game"]
[Site "www.echecsemail.com"]
[Date "2014.12.30"]
[Round "1"]
[White "Tonino1"]
[Black "Cardiff"]
[WhiteElo "1910"]
[BlackElo "1740"]
[Result "1-0"]
[Round "1"]
1.e4 d6
2.d4 g6
3.f4 Bf8g7
4.c3 Ng8f6
5.Bf1d3 O-O
6.Ng1f3 c5
7.O-O cxd4
8.cxd4 Bc8g4
9.Bc1e3 Nb8c6
10.a3 Qd8b6
11.Ra1a2 e5
12.Qd1a4 Bg4xf3
13.Rf1xf3 Nc6xd4
14.Be3xd4 Qb6xd4
15.Qa4xd4 exd4
16.h3 Ra8c8
17.Nb1d2 Nf6d7
18.Nd2c4 Rc8c6
19.b4 a6
20.Ra2c2 Rf8c8
21.Rf3f2 b5
22.Nc4a5 Rc6xc2
23.Rf2xc2 Rc8xc2
24.Bd3xc2 Nd7b6
25.Bc2b3 Kf8
26.Kf2 Ke7
27.Na5c6 Kf8
28.Nc6b8 Nb6c4
29.Bb3xc4 bxc4
30.Nb8xa6 d3
31.b5 c3
32.Na6b4 c2
33.Nb4xd3 Bg7b2
34.Kf3 Bb2xa3
35.b6 d5
36.e5 { resign }
1-0

[Event "Tourn. n7896"]
[Site "www.chess-mail.com"]
[Date "2014.12.31"]
[Round "1"]
[White "Sontuozio"]
[Black "Luban"]
[WhiteElo "2270"]
[BlackElo "2130"]
[Result "1-0"]
[Round "1"]
1.d4 d5
2.Ng1f3 e6
3.e3 Ng8f6
4.Bf1d3 c5
5.c3 Nb8c6
6.Nb1d2 cxd4
7.exd4 Bf8d6
8.O-O O-O
9.Rf1e1 Qd8c7
10.Nd2f1 h6
11.Qd1e2 a6
12.Nf3e5 b5
13.a3 Bc8b7
14.Nf1g3 Nc6a5
15.Bd3c2 Bd6xe5
16.dxe5 Nf6d7
17.Ng3h5 Na5c4
18.Bc1xh6 g6
19.Bh6xf8 Ra8xf8
20.Nh5f6 Nd7xf6
21.exf6 Kh7
22.Qe2g4 Rf8h8
23.Re1xe6 Qc7c8
24.Bc2xg6 fxg6
25.Re6e7 { resign }
1-0

[Event "Tourn. n7877"]
[Site "www.chess-mail.com"]
[Date "2014.12.31"]
[Round "1"]
[White "Vite"]
[Black "Falcoale"]
[WhiteElo "2020"]
[BlackElo "2080"]
[Result "1-0"]
[Round "1"]
1.e4 c5
2.c3 Nb8c6
3.d4 cxd4
4.cxd4 e6
5.Ng1f3 d5
6.e5 Bf8b4
7.Nb1c3 b6
8.Bf1b5 Bc8b7
9.O-O a6
10.Bb5a4 b5
11.Ba4c2 Ng8e7
12.Bc1g5 h6
13.Bg5h4 O-O
14.Qd1d3 g6
15.Bh4f6 Qd8c7
16.Qd3e3 Kh7
17.h4 Ne7f5
18.Qe3d3 Nc6b8
19.g4 Nf5e7
20.h5 Rf8g8
21.Nf3h4 Nb8c6
22.f4 Ra8c8
23.g5 Bb4xc3
24.bxc3 Qc7b6
25.Rf1f2 b4
26.Ra1b1 Ne7f5
27.hxg6 fxg6
28.gxh6 Nf5xh4
29.Bf6xh4 a5
30.Rf2g2 Rc8f8
31.Rg2xg6 Qb6c7
32.Kf2 Rf8xf4
33.Kg3 Rf4e4
34.Qd3f3 Rg8xg6
35.Kh3 Re4xh4
36.Kxh4 Qc7e7
37.Kh3 Kxh6
38.Bc2xg6 Qe7g5
39.Qf3f8 Kxg6
40.Qf8g8 Kf5
41.Rb1f1 Qg5f4
42.Rf1xf4 Kxf4
43.cxb4 axb4
44.Qg8f7 { resign }
1-0

[Event "Tourn. n7880"]
[Site "www.chess-mail.com"]
[Date "2014.12.31"]
[Round "1"]
[White "Passaroa25"]
[Black "Spitzer"]
[WhiteElo "1570"]
[BlackElo "1590"]
[Result "0-1"]
[Round "1"]
1.d3 e5
2.Bc1e3 d5
3.f3 Nb8c6
4.c3 Ng8f6
5.Be3f2 Bf8e7
6.Nb1d2 O-O
7.e4 Bc8e6
8.Ng1e2 b6
9.g3 Qd8d7
10.Bf1g2 Be6h3
11.Bg2xh3 Qd7xh3
12.Ne2g1 Qh3g2
13.exd5 Be7c5
14.Bf2xc5 bxc5
15.Qd1e2 Qg2xh1
16.dxc6 c4
17.O-O-O cxd3
18.Ng1h3 dxe2
19.Nh3g1 exd1Q
20.Kxd1 Qh1xg1
21.Kc2 Qg1xh2
22.g4 Ra8b8
23.b4 Rf8d8
24.Kb3 Qh2xd2
25.a4 Rd8d3
26.b5 Qd2xc3
27.Ka2 Qc3c2
28.Ka1 Rd3d1

0-1

[Event "Tourn. n7848"]
[Site "www.chess-mail.com"]
[Date "2014.12.31"]
[Round "1"]
[White "Lundberg"]
[Black "Cardiff"]
[WhiteElo "1900"]
[BlackElo "2100"]
[Result "1/2-1/2"]
[Round "1"]
1.e4 e5
2.Ng1f3 Nb8c6
3.Bf1b5 Ng8e7
4.O-O g6
5.c3 Bf8g7
6.d4 exd4
7.Nf3xd4 O-O
8.Bc1e3 a6
9.Bb5a4 b5
10.Ba4c2 Bc8b7
11.Qd1d2 d6
12.Be3h6 Nc6xd4
13.cxd4 f5
14.Bh6xg7 Kxg7
15.Nb1c3 fxe4
16.Nc3xe4 Bb7xe4
17.Bc2xe4 d5
18.Be4f3 Ne7f5
19.Rf1e1 c6
20.Re1e2 Qd8d6
21.Ra1e1 Rf8f7
22.Re2e6 Qd6d7
23.Bf3g4 Ra8c8
24.Bg4xf5 gxf5
25.Qd2g5 Kh8
26.Re6f6 Rc8g8
27.Rf6xf7 Qd7xf7
28.Qg5f4 Qf7g7
29.g3 Qg7g6
30.Re1e5 { draw }
1/2-1/2

[Event "Tourn. n7924"]
[Site "www.chess-mail.com"]
[Date "2014.12.31"]
[Round "1"]
[White "Attatroll"]
[Black "Cirovicz"]
[WhiteElo "2020"]
[BlackElo "2060"]
[Result "0-1"]
[Round "1"]
1.e4 c5
2.Nb1c3 e6
3.g4 d5
4.exd5 exd5
5.Bf1g2 Ng8f6
6.g5 Nf6e4
7.Nc3xe4 dxe4
8.Bg2xe4 Nb8c6
9.d3 Bf8e7
10.h4 Bc8e6
11.Ng1f3 O-O
12.Be4xc6 bxc6
13.O-O Be6g4
14.Kg2 f6
15.Qd1d2 Qd8d5
16.Qd2e3 fxg5
17.Qe3xe7 Bg4xf3
18.Kg1 Bf3h1
19.f3 Rf8xf3
20.Rf1xf3 Qd5xf3
{ resign }
0-1

[Event "Tourn. n7824"]
[Site "www.chess-mail.com"]
[Date "2014.12.31"]
[Round "1"]
[White "Wegaman"]
[Black "Naujzaid"]
[WhiteElo "1960"]
[BlackElo "2000"]
[Result "1/2-1/2"]
[Round "1"]
1.d4 d5
2.c4 e6
3.Nb1c3 Bf8e7
4.Bc1f4 Ng8f6
5.e3 O-O
6.Ng1f3 c5
7.cxd5 Nf6xd5
8.Nc3xd5 Qd8xd5
9.Bf1e2 Nb8c6
10.O-O cxd4
11.exd4 Rf8d8
12.Bf4e3 Be7f6
13.b3 Nc6xd4
14.Nf3xd4 Bf6xd4
15.Be3xd4 Qd5xd4
16.Qd1xd4 { draw }
1/2-1/2

[Event "Tourn. n7893"]
[Site "www.chess-mail.com"]
[Date "2014.12.31"]
[Round "1"]
[White "Woodpusher2"]
[Black "Glenno"]
[WhiteElo "2450"]
[BlackElo "2350"]
[Result "1-0"]
[Round "1"]
1.e4 e5
2.Ng1f3 Nb8c6
3.Bf1b5 a6
4.Bb5a4 Ng8f6
5.Qd1e2 b5
6.Ba4b3 Bf8c5
7.c3 O-O
8.O-O d6
9.d3 h6
10.Bc1e3 Bc5xe3
11.Qe2xe3 Nf6g4
12.Qe3e2 Nc6a5
13.Bb3c2 c5
14.Nb1d2 Bc8e6
15.d4 cxd4
16.cxd4 Ra8c8
17.Bc2b3 Be6xb3
18.axb3 exd4
19.Nf3xd4 Ng4e5
20.Nd2f3 Rf8e8
21.Rf1d1 Qd8b6
22.Nd4f5 Na5xb3
23.Ra1a3 Nb3c1
24.Qe2f1 Ne5g4
25.h3 Re8xe4
26.hxg4 Nc1e2
27.Kh2 Qb6b8
28.g3 d5
29.Ra3xa6 Rc8c2
30.Rd1a1 Re4e8
31.g5 hxg5
32.Nf3xg5 Ne2xg3
33.Nf5xg3 Rc2xb2
34.Qf1h3 Rb2xf2
35.Kh1 Rf2c2
36.Ra1f1 { resign }
1-0

[Event "Tourn. n7941"]
[Site "www.chess-mail.com"]
[Date "2014.12.31"]
[Round "1"]
[White "Luban"]
[Black "Stevo100"]
[WhiteElo "2200"]
[BlackElo "2040"]
[Result "1-0"]
[Round "1"]
1.d4 Ng8f6
2.c4 e6
3.Ng1f3 Bf8b4
4.Bc1d2 c5
5.e3 O-O
6.Nb1c3 Bb4xc3
7.Bd2xc3 cxd4
8.exd4 d5
9.h3 Nb8c6
10.Bf1e2 dxc4
11.Be2xc4 a6
12.O-O b5
13.Bc4b3 Bc8b7
14.a3 Nf6d5
15.Bb3xd5 Qd8xd5
16.Qd1d2 Rf8d8
17.Ra1d1 a5
18.b4 axb4
19.Bc3xb4 Nc6xb4
20.Qd2xb4 Ra8a4
21.Qb4b2 Bb7a6
22.Rf1e1 Qd5d6
23.Re1e3 b4
24.Rd1a1 Ba6b7
25.axb4 Ra4xb4
26.Re3b3 Rb4xb3
27.Qb2xb3 Bb7xf3
28.Qb3xf3 Qd6xd4
29.Ra1a8 h6
30.Qf3b7 Rd8xa8
31.Qb7xa8 Kh7
32.Qa8a2 e5
33.Qa2xf7 e4
34.Qf7f5 Kh8
35.Qf5f4 Qd4d1
36.Kh2 Qd1e2
37.Kg3 Qe2d3
38.Qf4e3 Kh7
39.Qe3xd3 exd3
40.Kf3 Kg6
41.Ke3 Kf5
42.Kxd3 Kf4
43.Kd4 g5
44.Kd5 h5
45.Ke6 g4
46.hxg4 hxg4
47.g3 Kf3
48.Kf5 Kxf2
49.Kxg4 { resign }
1-0

[Event "Tourn. n7883"]
[Site "www.chess-mail.com"]
[Date "2014.12.31"]
[Round "1"]
[White "Syd"]
[Black "Ff333"]
[WhiteElo "2220"]
[BlackElo "2000"]
[Result "1-0"]
[Round "1"]
1.e4 e5
2.Ng1f3 Nb8c6
3.Bf1c4 h6
4.O-O d6
5.c3 Ng8f6
6.d3 a6
7.Nb1d2 Bf8e7
8.Bc4b3 Nc6a5
9.Bb3c2 O-O
10.Nf3e1 b6
11.Nd2b3 Na5c6
12.f4 exf4
13.Bc1xf4 Nf6g4
14.h3 Ng4f6
15.d4 Bc8b7
16.Ne1f3 Nc6a7
17.e5 Nf6e8
18.Qd1d3 f5
19.exf6 Ne8xf6
20.Ra1e1 Nf6d5
21.Qd3h7 Kf7
22.Bf4xh6 Rf8g8
23.Qh7g6 Kf8
24.Nf3e5 { resign }
1-0

[Event "Tourn. n7850"]
[Site "www.chess-mail.com"]
[Date "2014.12.31"]
[Round "1"]
[White "Saidgermany"]
[Black "Norlavuaram"]
[WhiteElo "2070"]
[BlackElo "2120"]
[Result "0-1"]
[Round "1"]
1.e4 e6
2.d4 d5
3.Nb1d2 Ng8f6
4.e5 Nf6d7
5.Ng1f3 c5
6.c4 dxc4
7.Nd2xc4 Nb8c6
8.Bc1g5 f6
9.exf6 gxf6
10.Bg5e3 cxd4
11.Nf3xd4 Bf8b4
 { time }
0-1

[Event "Tourn. n7943"]
[Site "www.chess-mail.com"]
[Date "2014.12.31"]
[Round "1"]
[White "Attatroll"]
[Black "Falcoale"]
[WhiteElo "2040"]
[BlackElo "1940"]
[Result "0-1"]
[Round "1"]
1.d4 Ng8f6
2.c4 e6
3.g3 b6
4.Bf1g2 c6
5.a3 Bc8b7
6.Nb1c3 g6
7.Bc1g5 Bf8g7
8.e4 Qd8c8
9.Ng1f3 O-O
10.O-O d6
11.Qd1c2 Nf6d7
12.b4 f6
13.Bg5e3 e5
14.d5 c5
15.b5 a6
16.a4 f5
17.Nf3g5 f4
18.gxf4 exf4
19.Be3d2 Nd7e5
20.Ng5e6 Rf8f7
21.Bg2h3 Qc8e8
22.Ne6c7 Rf7xc7
23.Bh3e6 Kh8
24.Bd2xf4 Bb7c8
25.Be6xc8 Qe8xc8
26.Ra1e1 Ne5f3
27.Kg2 Qc8g4
28.Bf4g3 Nf3xe1
{ resign }
0-1

[Event "Tourn. n7757"]
[Site "www.chess-mail.com"]
[Date "2014.12.31"]
[Round "1"]
[White "Georgepapi"]
[Black "Generalfree"]
[WhiteElo "1519"]
[BlackElo "1700"]
[Result "1-0"]
[Round "1"]
1.e4 e5
2.Ng1f3 Nb8c6
3.Bf1c4 Ng8f6
4.d3 h6
5.Nb1c3 Bf8b4
6.O-O Bb4xc3
7.bxc3 a6
8.Bc1a3 b5
9.Bc4b3 d6
10.h3 O-O
11.Rf1e1 Bc8d7
12.d4 Rf8e8
13.d5 Nc6e7
14.c4 bxc4
15.Bb3xc4 c5
16.Qd1e2 Nf6h7
17.Ba3b2 f6
18.Re1b1 Qd8c7
19.Bc4xa6 Re8b8
20.Ba6c4 Rb8b6
21.Bb2c3 Rb6xb1
22.Ra1xb1 g5
23.Nf3h2 Ne7g6
24.Qe2h5 Kg7
25.Nh2g4 Bd7xg4
26.Qh5xg4 Ng6f4
27.Bc3d2 h5
28.Qg4f5 Ra8a4
29.Bd2xf4 Ra4xc4
30.Bf4e3 Rc4xc2
31.Rb1a1 Qc7a7
32.a4 Rc2b2
33.Qf5e6 Rb2b6
34.a5 Rb6a6
35.Be3d2 h4
36.Ra1b1 c4
37.Qe6c8 Qa7a8
38.Qc8xc4 Ra6a7
39.Rb1b6 Qa8d8
40.Qc4c6 Ra7d7
41.a6 Nh7f8
42.Rb6b7 Rd7xb7
43.axb7 Qd8b8
44.Qc6c8 Qb8xc8
45.bxc8Q { resign }
1-0

[Event "Tourn. n7792"]
[Site "www.chess-mail.com"]
[Date "2014.12.31"]
[Round "1"]
[White "Georgepapi"]
[Black "Checkmate100"]
[WhiteElo "1670"]
[BlackElo "1690"]
[Result "1-0"]
[Round "1"]
1.e4 e5
2.Ng1f3 Nb8c6
3.Bf1c4 Bf8c5
4.Nb1c3 h6
5.O-O d6
6.d3 Ng8f6
7.Bc1e3 Bc5xe3
8.fxe3 O-O
9.d4 exd4
10.exd4 Rf8e8
11.Rf1e1 b6
12.Bc4b5 Bc8b7
13.d5 Qd8d7
14.dxc6 Bb7xc6
15.Bb5xc6 Qd7xc6
16.Qd1d4 a5
17.Ra1d1 Kh8
18.e5 Nf6h5
19.exd6  { time }
1-0

[Event "Tourn. n7941"]
[Site "www.chess-mail.com"]
[Date "2014.12.31"]
[Round "1"]
[White "Luban"]
[Black "Cardiff"]
[WhiteElo "2200"]
[BlackElo "2100"]
[Result "1-0"]
[Round "1"]
1.d4 Ng8f6
2.c4 c5
3.e3 e6
4.Ng1f3 d5
5.Nb1c3 Nb8c6
6.Bf1e2 dxc4
7.Be2xc4 a6
8.O-O b5
9.Bc4d3 Bc8b7
10.dxc5 Bf8xc5
11.a3 Qd8e7
12.b4 Bc5b6
13.Bc1b2 O-O
14.Nf3g5 h6
15.Ng5e4 Nf6xe4
16.Bd3xe4 Rf8d8
17.Qd1e2 Ra8c8
18.Rf1d1 Rd8xd1
19.Ra1xd1 Rc8d8
20.Rd1xd8 Nc6xd8
21.Be4xb7 Nd8xb7
22.Qe2g4 f6
23.Nc3e4 Kh7
24.Ne4g3 Bb6c7
25.Qg4e4 { resign }
1-0

[Event "Tourn. n7833"]
[Site "www.chess-mail.com"]
[Date "2014.12.31"]
[Round "1"]
[White "Luban"]
[Black "Falcoale"]
[WhiteElo "2090"]
[BlackElo "2050"]
[Result "1/2-1/2"]
[Round "1"]
1.d4 Ng8f6
2.Ng1f3 b6
3.e3 Bc8b7
4.c4 e6
5.a3 d5
6.Nb1c3 Bb7a6
7.Bf1e2 dxc4
8.Be2xc4 c6
9.Bc4xa6 Nb8xa6
10.Qd1a4 Na6b8
11.Nf3e5 b5
12.Qa4c2 Bf8d6
13.Bc1d2 O-O
14.Ne5xc6 Nb8xc6
15.Nc3xb5 Qd8d7
16.e4 Bd6e7
17.O-O Nc6xd4
18.Nb5xd4 Qd7xd4
19.Rf1e1 Qd4e5
20.Bd2c3 Qe5h5
21.Re1e3 Nf6g4
22.Re3h3 Qh5g6
23.Bc3d4 Ra8c8
24.Qc2e2 e5
25.Bd4xa7 Ng4f6
26.Ra1e1 Rc8c7
27.Rh3g3 Qg6h6
28.Ba7e3 Qh6h5
29.Qe2xh5 Nf6xh5
30.Rg3h3 Nh5f4
31.Be3xf4 exf4
32.Rh3d3 Rf8d8
33.Rd3xd8 Be7xd8
34.f3 g5
35.Re1d1 Bd8f6
36.b4 Bf6b2
37.a4 Kf8
38.Rd1b1 Rc7c1
39.Rb1xc1 Bb2xc1
40.Kf1 Ke7
41.Ke2 Kd7
42.Kd3 Kc6
43.Kc4 Bc1e3
44.a5 h5
45.h3 f6
46.b5 Kb7
47.Kd5 h4
48.e5 fxe5
49.Kxe5 Be3d2
50.a6 Ka7
51.Kf5 Kb6
52.Kxg5 Bd2e3
53.Kxh4 Kxb5
54.Kg5 Kxa6
55.h4 Kb6
56.h5 Kc6
57.h6 Kd7
58.h7 Be3d4
59.Kxf4 Ke7
60.Kg5 Kf7
61.Kf5 Kg7
62.g4 Kxh7
63.f4 Kg7
64.g5 Bd4c3
65.Kg4 Bc3b2
66.f5 Bb2c3
67.Kh5 Bc3d4
68.f6 { draw }
1/2-1/2

[Event "Tourn. n7938"]
[Site "www.chess-mail.com"]
[Date "2014.12.31"]
[Round "1"]
[White "Luban"]
[Black "Cardiff"]
[WhiteElo "2200"]
[BlackElo "2100"]
[Result "1-0"]
[Round "1"]
1.d4 d5
2.Ng1f3 c5
3.e3 e6
4.c4 Ng8f6
5.Nb1c3 Nb8c6
6.a3 Bf8e7
7.dxc5 Be7xc5
8.b4 Bc5e7
9.Bc1b2 a6
10.cxd5 exd5
11.Nf3d4 Nc6xd4
12.Qd1xd4 Bc8e6
13.Bf1e2 O-O
14.Be2f3 Ra8c8
15.O-O Rc8c4
16.Qd4d2 Qd8c7
17.Rf1d1 Rf8c8
18.Bf3xd5 Be6xd5
19.Nc3xd5 Nf6xd5
20.Qd2xd5 Rc4c2
21.Qd5e5 Rc2xb2
22.Qe5xb2 Be7f6
23.Ra1c1 Bf6xb2
24.Rc1xc7 { resign }
1-0

[Event "Tourn. n7938"]
[Site "www.chess-mail.com"]
[Date "2014.12.31"]
[Round "1"]
[White "Cardiff"]
[Black "Tenzinnima"]
[WhiteElo "2120"]
[BlackElo "2050"]
[Result "0-1"]
[Round "1"]
1.c4 g6
2.g3 Bf8g7
3.Bf1g2 Ng8f6
4.Nb1c3 O-O
5.d4 d6
6.e4 c5
7.d5 Nb8a6
8.Ng1e2 Na6c7
9.O-O e6
10.h3 exd5
11.exd5 Nf6d7
12.Rf1e1 Nd7e5
13.b3 Bc8f5
14.Ne2f4 Ne5d3
15.Nf4xd3 Bg7xc3
16.Bc1h6 Bc3xe1
17.Bh6xf8 Bf5xd3
18.Qd1xe1 Qd8xf8
{ resign }
0-1

[Event "Tourn. n7796"]
[Site "www.chess-mail.com"]
[Date "2014.12.31"]
[Round "1"]
[White "Abuelo"]
[Black "Falcoale"]
[WhiteElo "2010"]
[BlackElo "1800"]
[Result "1-0"]
[Round "1"]
1.e4 c5
2.Bf1c4 e6
3.Ng1f3 Nb8c6
4.d3 b6
5.Nb1c3 Bc8b7
6.Bc1f4 Bf8e7
7.Nc3b5 d6
8.O-O a6
9.Nb5c3 b5
10.Bc4b3 Nc6a5
11.Qd1d2 Na5xb3
12.axb3 Ng8f6
13.h3 O-O
14.Nc3e2 e5
15.Bf4g5 h6
16.Bg5xf6 Be7xf6
17.Ne2c3 d5
18.exd5 b4
19.Nc3a4 Bb7xd5
20.Qd2e3 Rf8e8
21.Na4xc5 Qd8d6
22.Nc5e4 Bd5xe4
23.Qe3xe4 a5
24.c3 Re8c8
25.Rf1e1 Rc8d8
26.Re1d1 Qd6e6
27.c4 Rd8e8
28.Ra1b1 Qe6b6
29.g3 Qb6c7
30.h4 Ra8a6
31.d4 Ra6a8
32.d5 a4
33.bxa4 Ra8xa4
34.b3 Qc7b6
35.bxa4 Qb6c5
36.d6 { resign }
1-0

[Event "Tourn. n7901"]
[Site "www.chess-mail.com"]
[Date "2014.12.31"]
[Round "1"]
[White "Fred"]
[Black "Anja"]
[WhiteElo "1910"]
[BlackElo "1930"]
[Result "1-0"]
[Round "1"]
1.e4 d6
2.f4 Ng8f6
3.e5 dxe5
4.fxe5 Nf6d5
5.Ng1f3 Bc8g4
6.d4 e6
7.Bf1d3 Nb8c6
8.c3 h6
9.O-O Qd8d7
10.h3 Bg4xf3
11.Qd1xf3 f6
12.Bd3g6 Kd8
13.Bc1d2 fxe5
14.Qf3xf8 Rh8xf8
15.Rf1xf8 Ke7
16.Rf8f7 Kd6
17.Rf7xd7 Kxd7
18.dxe5 Nc6xe5
19.Bg6e4 Ra8f8
20.Nb1a3 c6
21.Ra1d1 Ke7
22.c4 Nd5f4
23.Bd2xf4 Rf8xf4
24.Rd1e1 Ne5d7
25.b4 Nd7f6
26.Be4f3 Kd6
27.c5 Kd7
28.b5 Nf6d5
29.bxc6 bxc6
30.Bf3g4 Nd5c7
31.Na3c2 Rf4c4
32.Re1d1 Nc7d5
33.Nc2d4 { resign }
1-0